[Collection of material related to surveyors' dining clubs] (Record no. 116731)

MARC details
000 -LEADER
fixed length control field 01458cac a22002055a 4500
001 - CONTROL NUMBER
control field L141541
008 - FIXED-LENGTH DATA ELEMENTS--GENERAL INFORMATION
fixed length control field 071129q1981 xxk eng u
035 ## - SYSTEM CONTROL NUMBER
System control number (Sirsi) u141541
041 0# - LANGUAGE CODE
Language code of text/sound track or separate title eng
245 01 - TITLE STATEMENT
Title [Collection of material related to surveyors' dining clubs]
Medium [manuscript]
260 ## - PUBLICATION, DISTRIBUTION, ETC.
Date of publication, distribution, etc. ca. 1981
300 ## - PHYSICAL DESCRIPTION
Extent 5 items
Dimensions 30 x 21 cm., or smaller
340 ## - PHYSICAL MEDIUM
Material base and configuration Manuscript and photocopy
351 ## - ORGANIZATION AND ARRANGEMENT OF MATERIALS
Hierarchical level Fonds
500 ## - GENERAL NOTE
General note Collection consists of information related to surveyors' dining clubs, including dates of foundation and associated notes.
505 ## - FORMATTED CONTENTS NOTE
Formatted contents note Surveyors' Club -- Select Society of Auctioneers -- Land Surveyors' Club -- Surveyors' Association -- Manchester Society of Land Agents and Surveyors -- 1894 Club -- 1924 Club -- 1954 Club -- Committee Club -- Chartered Surveyors' (1913) Club -- 1918 Club -- Chartered Surveyors' (1920) Club -- Chartered Surveyors' (1936) Club -- 1945 Club -- 1947 Club -- Bond Club -- CABBO -- Cambridge University Land Society -- City Luncheon Club -- Geometers -- Hermes Club -- B.Sc. (Estate Management) Club -- Nom. 1 Club -- Oil and Water Club -- Planning Surveyors' Club -- Resident Land Agents' Dining Club -- The Wilderness -- Three Legged Club -- Cornerstone Club -- Mensura Lodge -- Pyramus and Thisbe Club -- Lioness Club -- 1-2-4 Club -- City Agents' Club -- Twenty-five Club -- 100 Property Club
651 4# - SUBJECT ADDED ENTRY--GEOGRAPHIC NAME
Geographic name United Kingdom
Chronological subdivision
690 ## - LOCAL SUBJECT ADDED ENTRY--TOPICAL TERM (OCLC, RLIN)
Topical term or geographic name as entry element ABOUT RICS-RELATED ORGANISATIONS
942 ## - ADDED ENTRY ELEMENTS (KOHA)
Suppress in OPAC 0
Holdings
Withdrawn status Lost status Source of classification or shelving scheme Damaged status Not for loan Home library Current library Shelving location Date acquired Total Checkouts Full call number Barcode Date last seen Copy number Price effective from Koha item type
    Dewey Decimal Classification     London London Basement 29/11/2007   BASEMENT BOX 3 141541-1001 06/08/2019 1 06/08/2019 Archive